El protestantismo en América Latina / (Record no. 176996)

MARC details
000 -LEADER
campo de control de longitud fija 01104nam a22002535i 4500
001 - NÚMERO DE CONTROL
campo de control 176996
003 - IDENTIFICADOR DE NÚMERO DE CONTROL
campo de control ES-MaACL
005 - FECHA Y HORA DE LA ÚLTIMA TRANSACCIÓN
campo de control 20230906220229.0
008 - DATOS DE LONGITUD FIJA--INFORMACIÓN GENERAL
campo de control de longitud fija 110223m19621963sz |||| | spa d
080 ## - NÚMERO DE LA CLASIFICACIÓN DECIMAL UNIVERSAL
Número de la Clasificación Decimal Universal 274(8)
100 1# - ENTRADA PRINCIPAL--NOMBRE DE PERSONA
Nombre de persona Damboriena, Prudencio.
9 (RLIN) 140134
245 13 - MENCIÓN DEL TÍTULO
Título El protestantismo en América Latina /
Mención de responsabilidad, etc. por Prudencio Damboriena ; y con la colaboración técnica de Enrique Dussel.
260 ## - PUBLICACIÓN, DISTRIBUCIÓN, ETC.
Lugar de publicación, distribución, etc. Friburgo :
Nombre del editor, distribuidor, etc. Oficina Internacional de Investigaciones Sociales de Feres,
Fecha de publicación, distribución, etc. [1962-1963]
300 ## - DESCRIPCIÓN FÍSICA
Extensión 2 v. ;
Dimensiones 22 cm.
490 1# - MENCIÓN DE SERIE
Mención de serie Estudios socio-religiosos latino-americanos ;
Designación de volumen o secuencia 13 I-II
504 ## - NOTA DE BIBLIOGRAFÍA, ETC.
Nota de bibliografía, etc. Bibliografía.
505 0# - NOTA DE CONTENIDO CON FORMATO
Nota de contenido con formato 1. Etapas y métodos del protestantismo latino-americano- 2. La situación del protestantismo en los países latino-americanos
650 #4 - PUNTO DE ACCESO ADICIONAL DE MATERIA--TÉRMINO DE MATERIA
Término de materia o nombre geográfico como elemento de entrada Protestantismo-
Subdivisión geográfica América Latina.
9 (RLIN) 145339
700 1# - ENTRADA AGREGADA--NOMBRE PERSONAL
Nombre de persona Dussel, Enrique.
9 (RLIN) 46349
710 2# - ENTRADA AGREGADA--NOMBRE DE ENTIDAD CORPORATIVA
Nombre de entidad corporativa o nombre de jurisdicción como elemento de entrada Oficina Internacional de Investigaciones Sociales.
9 (RLIN) 172476
830 1# - PUNTO DE ACCESO ADICIONAL DE SERIE-TÍTULO UNIFORME
Título uniforme Estudios socio-religiosos latino-americanos ;
Designación de volumen o secuencia 13 I-II
9 (RLIN) 183494
852 ## - LOCALIZACIÓN
Ubicación ES-MaACL
Número de control de estantería E-14411-12
Encuadernación Olim P-1014-bis
Holdings
Estatus retirado Estado de pérdida Estado de daño No para préstamo Biblioteca de origen Biblioteca actual Ubicación en estantería Fecha de adquisición Fuente de adquisición Total de préstamos Signatura topográfica completa Código de barras Visto por última vez Precio de reemplazo Tipo de ítem Koha
        Biblioteca del Ateneo de Madrid Biblioteca del Ateneo de Madrid Depósito 2 23/02/2011     E-14411-12 1185897 23/02/2023 23/02/2023 Libro impreso